[Event "Titled Tuesday intern op 03rd Jan Late"]
[Site "Chess.com INT"]
[Date "2025.06.03"]
[Round "1"]
[White "Adewumi, Tanitoluwa"]
[Black "Garcia Almaguer, Juan Manuel"]
[Result "1-0"]
[WhiteElo "2376"]
[BlackElo "2142"]
[PlyCount "57"]
[EventDate "2025.06.03"]
[EventType "swiss (blitz)"]
[EventRounds "11"]
[EventCountry "USA"]
[SourceTitle "CB24_2025"]
[SourceDate "2025.06.11"]
[SourceVersion "1"]
[SourceVersionDate "2025.06.11"]
[SourceQuality "1"]

1. Nf3 Nf6 2. b3 d5 3. Bb2 Bf5 4. g3 Nbd7 5. Bg2 c5 6. 0-0 Qc7 7. d3 e6 8. h3 Bd6 9. c4 0-0 10. Nc3 a6 11. Nh4 d4 12. Nb1 g5 13. Nxf5 exf5 14. e3 Rae8 15. exd4 cxd4 16. Bxd4 Be5 17. Bxe5 Qxe5 18. d4 Qb8 19. Nc3 f4 20. Qd3 Re7 21. Rae1 Rfe8 22. Rxe7 Rxe7 23. Qf5 h6 24. gxf4 gxf4 25. Bf3 Qd6 26. Rd1 b6 27. Ne2 Re5 28. dxe5 Qxd1+ 29. Kg2 1-0

[Event "Titled Tuesday intern op 03rd Jan Late"]
[Site "Chess.com INT"]
[Date "2025.06.03"]
[Round "2"]
[White "Garcia Almaguer, Juan Manuel"]
[Black "Yarullina, Alina"]
[Result "1-0"]
[WhiteElo "2142"]
[BlackElo "2084"]
[PlyCount "37"]
[EventDate "2025.06.03"]
[EventType "swiss (blitz)"]
[EventRounds "11"]
[EventCountry "USA"]
[SourceTitle "CB24_2025"]
[SourceDate "2025.06.11"]
[SourceVersion "1"]
[SourceVersionDate "2025.06.11"]
[SourceQuality "1"]

1. d4 Nf6 2. Nc3 g6 3. Bf4 Bg7 4. e4 d6 5. Be2 Nc6 6. h3 h6 7. Qd2 g5 8. Bh2 a5 9. 0-0-0 Bd7 10. e5 Nh7 11. exd6 cxd6 12. f4 Qb6 13. Nd5 Qd8 14. Nf3 e6 15. fxg5 hxg5 16. Ne3 Qb6 17. Nc4 Qb4 18. c3 Qa4 19. b3 1-0

[Event "Titled Tuesday intern op 17th Sep Early"]
[Site "Chess,com INT"]
[Date "2024.09.17"]
[Round "6"]
[White "Bodnaruk, Anastasia"]
[Black "Garcia Almaguer, Juan Manuel"]
[Result "0-1"]
[WhiteElo "2333"]
[BlackElo "2120"]
[PlyCount "82"]
[EventDate "2024.09.17"]
[EventType "swiss (blitz)"]
[EventRounds "11"]
[EventCountry "USA"]
[SourceTitle "EXT 2025"]
[Source "ChessBase"]
[SourceDate "2024.10.14"]
[SourceVersion "1"]
[SourceVersionDate "2024.10.14"]
[SourceQuality "1"]

1. Nf3 Nf6 2. g3 g6 3. Bg2 Bg7 4. 0-0 0-0 5. d3 d5 6. Nbd2 b6 7. Re1 Bb7 8. c3 Nbd7 9. Qc2 Nc5 10. b4 Ne6 11. e4 a5 12. b5 d4 13. cxd4 Ng4 14. Bb2 Nxd4 15. Nxd4 Bxd4 16. Bxd4 Qxd4 17. Nb3 Qd7 18. a4 c5 19. bxc6 Bxc6 20. Bh3 f5 21. Qc4+ Rf7 22. Bxg4 fxg4 23. Nd4 Rc8 24. Qe6 Qxe6 25. Nxe6 Bd7 26. Nd4 Rc3 27. Red1 e5 28. Ne2 Rc2 29. Kf1 Rf3 30. Rdc1 Rb2 31. Rc3 h5 32. Rac1 Bxa4 33. Rc7 Rf7 34. Rc8+ Kg7 35. Rb8 Rd7 36. Rc3 b5 37. Nc1 b4 38. Rc5 Rb1 39. Ke2 b3 40. Kd2 b2 41. Na2 Rd1+ 0-1

[Event "Titled Tuesday intern op 03rd Sep Late"]
[Site "Chess.com INT"]
[Date "2024.09.03"]
[Round "1"]
[White "Garcia Almaguer, Juan Manuel"]
[Black "Baskakov, Egor"]
[Result "0-1"]
[WhiteElo "2120"]
[BlackElo "2215"]
[PlyCount "82"]
[EventDate "2024.09.03"]
[EventType "swiss (blitz)"]
[EventRounds "11"]
[EventCountry "USA"]
[SourceTitle "EXT 2025"]
[Source "ChessBase"]
[SourceDate "2024.10.14"]
[SourceVersion "1"]
[SourceVersionDate "2024.10.14"]
[SourceQuality "1"]

1. e4 c5 2. Nf3 Nf6 3. d3 Nc6 4. g3 d5 5. Nbd2 g6 6. Bg2 Bg7 7. 0-0 0-0 8. Re1 e5 9. exd5 Nxd5 10. a4 h6 11. Nc4 Re8 12. h4 Nb6 13. Nfd2 Qc7 14. Na3 Be6 15. Nb5 Qe7 16. c3 Rad8 17. Qc2 Bf5 18. Ne4 c4 19. dxc4 Nxc4 20. b3 Nb6 21. Ba3 Qe6 22. Nc7 Qd7 23. Nxe8 Qxe8 24. Rad1 Nc8 25. Rxd8 Qxd8 26. Qe2 Qc7 27. Rd1 Be6 28. Qb2 b6 29. Nd6 Nxd6 30. Bxd6 Qc8 31. Qa3 Na5 32. c4 Nc6 33. Qb2 Nd4 34. Re1 Bh3 35. Bd5 Qf5 36. Qc3 Bg4 37. Bxe5 Bxe5 38. f4 Ne2+ 39. Rxe2 Bxc3 40. Re7 Qb1+ 41. Kf2 Bd4+ 0-1

[Event "Titled Tuesday intern op 03rd Sep Late"]
[Site "Chess.com INT"]
[Date "2024.09.03"]
[Round "4"]
[White "Garcia Almaguer, Juan Manuel"]
[Black "Schuster, Karsten"]
[Result "1-0"]
[WhiteElo "2120"]
[BlackElo "2283"]
[PlyCount "107"]
[EventDate "2024.09.03"]
[EventType "swiss (blitz)"]
[EventRounds "11"]
[EventCountry "USA"]
[SourceTitle "EXT 2025"]
[Source "ChessBase"]
[SourceDate "2024.10.14"]
[SourceVersion "1"]
[SourceVersionDate "2024.10.14"]
[SourceQuality "1"]

1. e4 d5 2. exd5 Qxd5 3. h3 Bf5 4. Nf3 Nf6 5. Nc3 Qd7 6. d4 c6 7. Ne5 Qc7 8. Bf4 Qa5 9. a3 e6 10. b4 Qd8 11. g4 Bg6 12. Bg2 Nd5 13. Nxd5 cxd5 14. c4 Be4 15. Qa4+ Nd7 16. f3 Bg6 17. cxd5 exd5 18. 0-0 Be7 19. Qb5 a6 20. Qxd5 Nxe5 21. Qxd8+ Rxd8 22. dxe5 0-0 23. Bg3 f5 24. f4 Rd7 25. e6 Rc7 26. Rfc1 Rfc8 27. Rxc7 Rxc7 28. Rd1 Kf8 29. h4 h5 30. g5 Be8 31. Bf2 Rc4 32. Bd4 Bc6 33. Bf1 Rc2 34. Bd3 Rg2+ 35. Kf1 g6 36. Bf6 Rh2 37. Be2 Rh1+ 38. Kf2 Rh2+ 39. Ke3 Rh3+ 40. Kd4 Rxa3 41. Rb1 Ra2 42. Bc4 Rd2+ 43. Kc3 Rf2 44. Be5 Ke8 45. b5 axb5 46. Bxb5 Bd8 47. Bxc6+ bxc6 48. Rb7 Rf3+ 49. Kd4 c5+ 50. Kxc5 Rd3 51. Rb8 Ke7 52. Bf6+ Kxe6 53. Rxd8 Rc3+ 54. Bxc3 1-0

[Event "Titled Tuesday intern op 16th Jul Late"]
[Site "Chess.com INT"]
[Date "2024.07.16"]
[Round "3"]
[White "Garcia Almaguer, Juan Manuel"]
[Black "Bacrot, Etienne"]
[Result "0-1"]
[WhiteElo "2120"]
[BlackElo "2677"]
[PlyCount "30"]
[EventDate "2024.07.16"]
[EventType "swiss (blitz)"]
[EventRounds "11"]
[EventCountry "USA"]
[SourceTitle "EXT 2025"]
[Source "ChessBase"]
[SourceDate "2024.10.14"]
[SourceVersion "1"]
[SourceVersionDate "2024.10.14"]
[SourceQuality "1"]

1. e4 c5 2. Nf3 e6 3. d4 cxd4 4. Nxd4 Nc6 5. Nc3 a6 6. Nxc6 bxc6 7. Bd3 Qc7 8. 0-0 d5 9. f4 Bb7 10. f5 Nf6 11. fxe6 fxe6 12. Kh1 Bd6 13. a3 0-0-0 14. g3 c5 15. Bf4 dxe4 0-1

[Event "Titled Tuesday intern op 09th Jul Late"]
[Site "Chess.com INT"]
[Date "2024.07.09"]
[Round "4"]
[White "Pinero Rodriguez, Carlos Jose"]
[Black "Garcia Almaguer, Juan Manuel"]
[Result "1-0"]
[WhiteElo "2284"]
[BlackElo "2120"]
[PlyCount "89"]
[EventDate "2024.07.09"]
[EventType "swiss (blitz)"]
[EventRounds "11"]
[EventCountry "USA"]
[SourceTitle "EXT 2025"]
[Source "ChessBase"]
[SourceDate "2024.10.14"]
[SourceVersion "1"]
[SourceVersionDate "2024.10.14"]
[SourceQuality "1"]

1. e4 e5 2. Nf3 Nc6 3. Bb5 a6 4. Ba4 d6 5. c3 Bd7 6. 0-0 g6 7. d4 Bg7 8. Re1 Nf6 9. Nbd2 0-0 10. Nf1 Qe7 11. Ng3 Rad8 12. d5 Nb8 13. Bc2 c5 14. a4 Bc8 15. a5 h6 16. h3 Qc7 17. Be3 Kh7 18. b4 Nbd7 19. Bd3 Rde8 20. Qd2 Re7 21. Reb1 Rfe8 22. b5 Nxd5 23. exd5 e4 24. Nxe4 Rxe4 25. Bxe4 Rxe4 26. bxa6 bxa6 27. Ra2 f5 28. Qc2 Bb7 29. c4 Nf6 30. Rb6 f4 31. Bd2 Bc8 32. Rab2 Bf5 33. Qb3 Qd8 34. Rb7 Qf8 35. Bc3 g5 36. Rb8 Qf7 37. Qb7 Qg6 38. Rf8 Rxc4 39. Bxf6 Rc1+ 40. Kh2 g4 41. hxg4 Bxg4 42. Qxg7+ Qxg7 43. Bxg7 Kxg7 44. Rxf4 h5 45. Rb6 1-0

[Event "Titled Tuesday intern op 02nd Jul Late"]
[Site "Chess.com INT"]
[Date "2024.07.02"]
[Round "2"]
[White "Garcia Almaguer, Juan Manuel"]
[Black "Chabris, Christopher"]
[Result "1-0"]
[WhiteElo "2120"]
[BlackElo "2054"]
[PlyCount "123"]
[EventDate "2024.07.02"]
[EventType "swiss (blitz)"]
[EventRounds "11"]
[EventCountry "USA"]
[SourceTitle "EXT 2025"]
[Source "ChessBase"]
[SourceDate "2024.10.14"]
[SourceVersion "1"]
[SourceVersionDate "2024.10.14"]
[SourceQuality "1"]

1. e4 e5 2. Nf3 Nc6 3. Bc4 Nf6 4. Ng5 d5 5. exd5 Na5 6. Bb5+ Bd7 7. Bxd7+ Qxd7 8. Nc3 Nxd5 9. Nxd5 Qxd5 10. Qf3 Qxf3 11. Nxf3 0-0-0 12. 0-0 f6 13. d3 Nc6 14. a3 Bc5 15. Be3 Bxe3 16. fxe3 e4 17. Nd4 Nxd4 18. exd4 Rxd4 19. Rf4 Rhd8 20. dxe4 Rd1+ 21. Rf1 Rxa1 22. Rxa1 Rd2 23. Rc1 Re2 24. Kf1 Rxe4 25. Kf2 Kd7 26. Kf3 Rc4 27. c3 b5 28. Rd1+ Ke7 29. Re1+ Kd7 30. Rd1+ Ke6 31. Rd8 a5 32. Ra8 a4 33. Rg8 Kf7 34. Rb8 c6 35. g4 h5 36. gxh5 Rh4 37. Rb7+ Kg8 38. Rb6 Rxh5 39. Rxc6 Rxh2 40. Ke4 Rxb2 41. Kd4 Kf7 42. Rc7+ Kg6 43. c4 Rc2 44. c5 Rc4+ 45. Kd5 f5 46. Rb7 Rc3 47. Rxb5 f4 48. c6 f3 49. Rb2 Kf5 50. Kd6 Kf4 51. c7 g5 52. Rb4+ Ke3 53. Rb5 g4 54. Rc5 Rxc5 55. Kxc5 f2 56. c8Q f1Q 57. Qxg4 Qc1+ 58. Kb4 Qb2+ 59. Kxa4 Qc2+ 60. Ka5 Qc3+ 61. Qb4 Qe5+ 62. Ka6 1-0

[Event "Titled Tuesday intern op 11th Jun Late"]
[Site "Chess.com INT"]
[Date "2024.06.11"]
[Round "3"]
[White "Kucza, Karol"]
[Black "Garcia Almaguer, Juan Manuel"]
[Result "0-1"]
[WhiteElo "2328"]
[BlackElo "2120"]
[PlyCount "104"]
[EventDate "2024.06.11"]
[EventType "swiss (blitz)"]
[EventRounds "11"]
[EventCountry "USA"]
[SourceTitle "EXT 2025"]
[Source "ChessBase"]
[SourceDate "2024.10.14"]
[SourceVersion "1"]
[SourceVersionDate "2024.10.14"]
[SourceQuality "1"]

1. e4 e5 2. Nf3 Nc6 3. Bb5 a6 4. Ba4 Nf6 5. 0-0 Be7 6. Re1 b5 7. Bb3 0-0 8. c3 d5 9. exd5 Nxd5 10. Nxe5 Nxe5 11. Rxe5 c6 12. d4 Bd6 13. Re1 Qh4 14. g3 Qh3 15. Qe2 Bg4 16. Qf1 Qh5 17. Nd2 Rae8 18. f3 Rxe1 19. Qxe1 Bxf3 20. Nxf3 Qxf3 21. Bd2 h5 22. Qd1 Qf5 23. Bc2 Qh3 24. Qf1 Qxf1+ 25. Kxf1 h4 26. Kf2 Re8 27. a4 Nb6 28. axb5 axb5 29. Ra6 hxg3+ 30. hxg3 Bc7 31. b3 g6 32. g4 Re6 33. g5 Bd8 34. Kf3 Kf8 35. Be4 Ke8 36. Bf4 Nd5 37. Bd2 Nb6 38. Bd3 Nd5 39. c4 Nc7 40. Ra7 bxc4 41. bxc4 Rd6 42. Be3 Ne6 43. Be4 Nxg5+ 44. Bxg5 Bxg5 45. d5 cxd5 46. Bxd5 Rf6+ 47. Ke4 Kf8 48. c5 Rf1 49. c6 f5+ 50. Ke5 Re1+ 51. Kd6 Bf4+ 52. Kc5 Be3+ 0-1

[Event "Titled Tuesday intern op 11th Jun Late"]
[Site "Chess.com INT"]
[Date "2024.06.11"]
[Round "1"]
[White "Vasquez Schroder, Rodrigo Rafael"]
[Black "Garcia Almaguer, Juan Manuel"]
[Result "1-0"]
[WhiteElo "2475"]
[BlackElo "2120"]
[PlyCount "65"]
[EventDate "2024.06.11"]
[EventType "swiss (blitz)"]
[EventRounds "11"]
[EventCountry "USA"]
[SourceTitle "EXT 2025"]
[Source "ChessBase"]
[SourceDate "2024.10.14"]
[SourceVersion "1"]
[SourceVersionDate "2024.10.14"]
[SourceQuality "1"]

1. e4 e5 2. Nf3 Nc6 3. Bb5 a6 4. Ba4 d6 5. c3 Bd7 6. 0-0 Nf6 7. Re1 g6 8. d4 Bg7 9. dxe5 Nxe5 10. Nxe5 dxe5 11. Bg5 Bxa4 12. Qxa4+ Qd7 13. Qb3 0-0 14. Bxf6 Bxf6 15. Na3 b5 16. Nc2 Bg5 17. Rad1 Qe7 18. Nb4 c5 19. Nd5 Qd6 20. c4 b4 21. Rd3 Rfb8 22. Red1 Qf8 23. g3 a5 24. Qa4 Ra7 25. h4 Bd8 26. Qc6 Kg7 27. h5 a4 28. Rf3 f6 29. hxg6 hxg6 30. g4 Be7 31. Nc7 Qc8 32. Rd7 Rxc7 33. Qxf6+ 1-0

[Event "Titled Tuesday intern op 04th Jun Late"]
[Site "Chess.com INT"]
[Date "2024.06.04"]
[Round "3"]
[White "Garcia Almaguer, Juan Manuel"]
[Black "Hambleton, Aman"]
[Result "0-1"]
[WhiteElo "2120"]
[BlackElo "2420"]
[PlyCount "50"]
[EventDate "2024.06.04"]
[EventType "swiss (blitz)"]
[EventRounds "11"]
[EventCountry "USA"]
[SourceTitle "EXT 2025"]
[Source "ChessBase"]
[SourceDate "2024.10.14"]
[SourceVersion "1"]
[SourceVersionDate "2024.10.14"]
[SourceQuality "1"]

1. e4 e5 2. Nf3 Nc6 3. Bc4 Nge7 4. 0-0 Ng6 5. c3 h6 6. d4 Qf6 7. Na3 Bxa3 8. bxa3 0-0 9. d5 Nb8 10. d6 cxd6 11. Bd5 Nc6 12. g3 Nge7 13. c4 b6 14. Kg2 Ba6 15. Re1 Rac8 16. h4 Na5 17. g4 Bxc4 18. g5 Qg6 19. Rh1 Nxd5 20. exd5 h5 21. Bd2 Qe4 22. Bxa5 bxa5 23. Rh3 Bxd5 24. Kg1 Rc3 25. Qe1 Rxf3 0-1

[Event "Titled Tuesday intern op 04th Jun Late"]
[Site "Chess.com INT"]
[Date "2024.06.04"]
[Round "1"]
[White "Garcia Almaguer, Juan Manuel"]
[Black "Lianes Garcia, Marcos"]
[Result "0-1"]
[WhiteElo "2120"]
[BlackElo "2416"]
[PlyCount "50"]
[EventDate "2024.06.04"]
[EventType "swiss (blitz)"]
[EventRounds "11"]
[EventCountry "USA"]
[SourceTitle "EXT 2025"]
[Source "ChessBase"]
[SourceDate "2024.10.14"]
[SourceVersion "1"]
[SourceVersionDate "2024.10.14"]
[SourceQuality "1"]

1. e4 g6 2. Bc4 Bg7 3. Ne2 c5 4. c3 e6 5. d4 cxd4 6. cxd4 d5 7. Bb5+ Bd7 8. Bxd7+ Qxd7 9. e5 Ne7 10. 0-0 0-0 11. Nd2 Nbc6 12. Nf3 f6 13. exf6 Bxf6 14. Bh6 Rfe8 15. Re1 Nf5 16. Bf4 Qd8 17. h3 Qb6 18. Be5 Nxe5 19. dxe5 Bg7 20. Ned4 Nxd4 21. Nxd4 Rac8 22. b3 Bf8 23. Qg4 Bc5 24. Rad1 Rc7 25. Nxe6 Qxe6 0-1

[Event "Titled Tuesday intern op 21st May Early"]
[Site "Chess.com INT"]
[Date "2024.05.21"]
[Round "6"]
[White "Garcia Almaguer, Juan Manuel"]
[Black "Guerra Tulcan, Lenin"]
[Result "0-1"]
[WhiteElo "2126"]
[BlackElo "2310"]
[PlyCount "50"]
[EventDate "2024.05.21"]
[EventType "swiss (blitz)"]
[EventRounds "11"]
[EventCountry "USA"]
[SourceTitle "CBM 220 Extra"]
[Source "ChessBase"]
[SourceDate "2024.07.31"]
[SourceVersion "1"]
[SourceVersionDate "2024.07.31"]
[SourceQuality "1"]

1. e4 c5 2. Nf3 e6 3. d4 cxd4 4. Nxd4 Nc6 5. a3 a6 6. Be3 Qc7 7. c4 Nf6 8. Nc3 Be7 9. Be2 0-0 10. 0-0 d6 11. Rc1 Ne5 12. f4 Ned7 13. b4 b6 14. Bf3 Bb7 15. Qd3 Rac8 16. g4 Qxc4 17. Qb1 Qc7 18. Nd5 Qd8 19. Nxe7+ Qxe7 20. Rxc8 Rxc8 21. e5 Nxe5 22. fxe5 dxe5 23. Nb3 Bxf3 24. Rxf3 Nxg4 25. Bxb6 Qb7 0-1

[Event "Titled Tuesday intern op 21st May Early"]
[Site "Chess.com INT"]
[Date "2024.05.21"]
[Round "3"]
[White "Garcia Almaguer, Juan Manuel"]
[Black "Hayrapetyan, Edgar"]
[Result "0-1"]
[WhiteElo "2126"]
[BlackElo "2293"]
[PlyCount "30"]
[EventDate "2024.05.21"]
[EventType "swiss (blitz)"]
[EventRounds "11"]
[EventCountry "USA"]
[SourceTitle "CBM 220 Extra"]
[Source "ChessBase"]
[SourceDate "2024.07.31"]
[SourceVersion "1"]
[SourceVersionDate "2024.07.31"]
[SourceQuality "1"]

1. e4 c6 2. d4 d6 3. Bd3 g6 4. e5 dxe5 5. dxe5 Qa5+ 6. Nc3 Qxe5+ 7. Nge2 Qc7 8. h4 h5 9. Nf4 Bg4 10. f3 Bf5 11. Bxf5 gxf5 12. Kf2 Nd7 13. Re1 0-0-0 14. Qd4 e5 15. Qxa7 Bc5+ 0-1

[Event "Titled Tuesday intern op 21st May Late"]
[Site "Chess.com INT"]
[Date "2024.05.21"]
[Round "7"]
[White "Garcia Almaguer, Juan Manuel"]
[Black "Tarnowska, Aleksandra"]
[Result "1-0"]
[WhiteElo "2126"]
[BlackElo "1876"]
[PlyCount "55"]
[EventDate "2024.05.21"]
[EventType "swiss (blitz)"]
[EventRounds "11"]
[EventCountry "USA"]
[SourceTitle "CBM 220 Extra"]
[Source "ChessBase"]
[SourceDate "2024.07.31"]
[SourceVersion "1"]
[SourceVersionDate "2024.07.31"]
[SourceQuality "1"]

1. e4 c5 2. Nf3 e6 3. d4 cxd4 4. Nxd4 a6 5. a3 Qc7 6. c4 Nc6 7. Be3 Nf6 8. Nc3 Be7 9. Be2 0-0 10. f4 d6 11. Rc1 b6 12. Bf3 Rb8 13. Nxc6 Qxc6 14. e5 Qxc4 15. exf6 Bxf6 16. Nd5 exd5 17. Rxc4 dxc4 18. Qc2 b5 19. Ba7 Re8+ 20. Kf2 Bd7 21. Bxb8 Bd4+ 22. Kg3 Rxb8 23. Rd1 Bc5 24. b4 cxb3 25. Qxb3 Be6 26. Bd5 Re8 27. Re1 Bd7 28. Bxf7+ 1-0

[Event "MEX-ch"]
[Site "Pachuca"]
[Date "2024.05.19"]
[Round "9"]
[White "Tapie Amione, Pablo Adib"]
[Black "Garcia Almaguer, Juan Manuel"]
[Result "1/2-1/2"]
[WhiteElo "2199"]
[BlackElo "2126"]
[PlyCount "20"]
[EventDate "2024.05.14"]
[EventType "swiss"]
[EventRounds "9"]
[EventCountry "MEX"]
[SourceTitle "CBM 220 Extra"]
[Source "ChessBase"]
[SourceDate "2024.07.31"]
[SourceVersion "1"]
[SourceVersionDate "2024.07.31"]
[SourceQuality "1"]

1. d4 d5 2. Nc3 Nf6 3. Bf4 e6 4. Nf3 a6 5. e3 Bd6 6. Ne5 c5 7. a3 Nc6 8. Nxc6 bxc6 9. Bxd6 Qxd6 10. Na4 e5 1/2-1/2

[Event "MEX-ch"]
[Site "Pachuca"]
[Date "2024.05.17"]
[Round "6"]
[White "Vega Castaneda, Ulises Antonio"]
[Black "Garcia Almaguer, Juan Manuel"]
[Result "1/2-1/2"]
[WhiteElo "1947"]
[BlackElo "2126"]
[PlyCount "55"]
[EventDate "2024.05.14"]
[EventType "swiss"]
[EventRounds "9"]
[EventCountry "MEX"]
[SourceTitle "CBM 220 Extra"]
[Source "ChessBase"]
[SourceDate "2024.07.31"]
[SourceVersion "1"]
[SourceVersionDate "2024.07.31"]
[SourceQuality "1"]

1. d4 d5 2. Nc3 Nf6 3. Bg5 Nbd7 4. Nf3 h6 5. Bf4 e6 6. e3 Bb4 7. Bd3 c5 8. Bd6 Qb6 9. dxc5 Nxc5 10. Be5 Ncd7 11. Bd4 Qc7 12. a3 Be7 13. Bb5 0-0 14. Bxd7 Bxd7 15. 0-0 Bc6 16. Ne5 Nd7 17. f4 Bd6 18. Qh5 f6 19. Ng6 e5 20. fxe5 fxe5 21. Nxf8 Nxf8 22. Rf3 Ne6 23. Raf1 Ng5 24. R3f2 exd4 25. exd4 Be8 26. Qh4 Qd8 27. Qg4 Bd7 28. Qh5 1/2-1/2

[Event "Titled Tuesday intern op 05th Mar Early"]
[Site "Chess.com INT"]
[Date "2024.03.05"]
[Round "2"]
[White "Garcia Almaguer, Juan Manuel"]
[Black "Klimchuk, Andriy"]
[Result "1/2-1/2"]
[WhiteElo "2126"]
[BlackElo "2405"]
[PlyCount "120"]
[EventDate "2024.03.05"]
[EventType "swiss (blitz)"]
[EventRounds "11"]
[EventCountry "USA"]
[SourceTitle "EXT 2025"]
[Source "ChessBase"]
[SourceDate "2024.10.14"]
[SourceVersion "1"]
[SourceVersionDate "2024.10.14"]
[SourceQuality "1"]

1. e4 c5 2. Nf3 Nc6 3. d3 d6 4. g3 g6 5. Bg2 Bg7 6. 0-0 Nf6 7. a4 0-0 8. Nbd2 Rb8 9. Re1 Qc7 10. Nc4 Bg4 11. h3 Bxf3 12. Qxf3 Nd7 13. c3 a6 14. a5 Nde5 15. Nxe5 dxe5 16. Be3 Nxa5 17. Qe2 Rfd8 18. Qc2 b6 19. Bf1 Ra8 20. Qa4 Nb7 21. b4 b5 22. Qa3 cxb4 23. Qxb4 e6 24. Reb1 Bf8 25. Qb2 Bc5 26. Bh6 Rd7 27. Kg2 Ra7 28. f4 Bd6 29. Qf2 Nc5 30. f5 exf5 31. exf5 e4 32. fxg6 hxg6 33. d4 Nd3 34. Qf6 Bf8 35. Bxf8 Kxf8 36. Bxd3 Qxc3 37. Bxe4 Rxd4 38. Qh8+ Ke7 39. Qe5+ Kd7 40. Rd1 Rd2+ 41. Rxd2+ Qxd2+ 42. Kf3 Qd6 43. Qxd6+ Kxd6 44. Rd1+ Kc5 45. Rc1+ Kb4 46. Kf4 a5 47. Rb1+ Kc5 48. Rc1+ Kd4 49. Rd1+ Kc3 50. Rc1+ Kd2 51. Rc2+ Kd1 52. Ke3 b4 53. Rd2+ Kc1 54. Rc2+ Kd1 55. Rd2+ Ke1 56. Rb2 Rd7 57. Bf3 Re7+ 58. Be4 Rd7 59. Bf3 Re7+ 60. Be4 Rd7 1/2-1/2